| 000 | 00752nas a2200253 4500 | ||
|---|---|---|---|
| 001 | BR0000814 | ||
| 003 | BR-BrBNA | ||
| 005 | 20231205101742.0 | ||
| 007 | ta | ||
| 008 | 230509b bl.|||p| |||| 00| 00por d | ||
| 040 |
_aBR-BrBNA _bpor _cBiblioteca Nacional de Agricultura |
||
| 041 | _a(Pt) | ||
| 072 | _aL10; L53 | ||
| 100 | 1 | _aDias, A.J.B. | |
| 100 | 1 | _aBenchimol, M. | |
| 100 | 1 | _aFontes, R.S. | |
| 245 | 1 | _aAvaliacao ultraestrutural de ovocitos bovinos vitrificados | |
| 650 | _aBovino | ||
| 650 | _aOvulo | ||
| 650 | _aCultura In Vitro | ||
| 773 | 0 |
_tRevista Brasileira de Reproducao Animal (Brazil) _xISSN 0102-0803 _g(Jul-Sep 1999), v. 23(3) p. 259-261 _wBR0000814 |
|
| 909 |
_a202311 _bLúcia _c55 _dLúcia Elande |
||
| 942 |
_2AGRIS _n0 _cANA |
||
| 999 |
_c163661 _d163661 |
||